|
|
|
|
| LEADER |
00000nam0a2200000 4500 |
| 001 |
198476 |
| 005 |
20231101224823.0 |
| 010 |
|
|
|a 9785859715855
|
| 035 |
|
|
|a (RuTPU)RU\TPU\book\216467
|
| 090 |
|
|
|a 198476
|
| 100 |
|
|
|a 20110629d2007 m y0rusy50 ca
|
| 101 |
0 |
|
|a rus
|
| 102 |
|
|
|a RU
|
| 105 |
|
|
|a a j 001zy
|
| 200 |
1 |
|
|a Инфокоммуникационные технологии в брокерской и дилерской деятельности
|e учебное пособие
|f под ред. П. В. Аникина
|
| 210 |
|
|
|a Москва
|c КноРус
|d 2007
|
| 215 |
|
|
|a 189 с.
|c ил.
|
| 320 |
|
|
|a Библиогр.: с. 184-189.
|
| 330 |
|
|
|a Настоящее издание представляет собой оригинальное учебное пособие по инфокоммуникационным технологиям в брокерской и дилерской деятельности с акцентом на анализе и систематизации данных о модернизации информационных технологий в структуре фондового рынка России. В пособии дается определение таким важным понятиям и категориям, как брокерская и дилерская деятельность, маржинальная торговля, фундаментальный и технический анализ. Значительное внимание уделено этапам развития инфокоммуникационных технологий, принципам их функционирования с учетом специфики отечественных и зарубежных рынков ценных бумаг. Рассмотрены технологические принципы программных продуктов, обеспечивающих ведение профессиональной посреднической деятельности, виды биржевых приказов, психология биржевой торговли. Для студентов экономических специальностей, аспирантов, соискателей, преподавателей вузов, сотрудников финансово-посреднических учреждений, а также всех, интересующихся данной темой.
|
| 606 |
1 |
|
|a Биржевая торговля
|2 stltpush
|3 (RuTPU)RU\TPU\subj\35921
|9 57470
|
| 610 |
1 |
|
|a финансы
|
| 610 |
1 |
|
|a биржи
|
| 610 |
1 |
|
|a брокерская деятельность
|
| 610 |
1 |
|
|a брокерские операции
|
| 610 |
1 |
|
|a брокеры
|
| 610 |
1 |
|
|a дилерская деятельность
|
| 610 |
1 |
|
|a дилеры
|
| 610 |
1 |
|
|a информационные технологии
|
| 610 |
1 |
|
|a инфокоммуникации
|
| 610 |
1 |
|
|a инфокоммуникационные технологии
|
| 610 |
1 |
|
|a фондовый рынок
|
| 610 |
1 |
|
|a Российская Федерация
|
| 610 |
1 |
|
|a маржа
|
| 610 |
1 |
|
|a кредитное плечо
|
| 610 |
1 |
|
|a фундаментальный анализ
|
| 610 |
1 |
|
|a технический анализ
|
| 610 |
1 |
|
|a бэк-офис
|
| 610 |
1 |
|
|a правовое регулирование
|
| 610 |
1 |
|
|a учебные пособия
|
| 686 |
|
|
|a У9(2)262.293я73
|v LBC/SL-A
|2 rubbk
|
| 702 |
|
1 |
|a Аникин
|b П. В.
|4 340
|
| 801 |
|
1 |
|a RU
|b 63413507
|c 20110629
|
| 801 |
|
2 |
|a RU
|b 63413507
|c 20121206
|g RCR
|
| 900 |
|
|
|a Информационные технологии в экономике
|
| 942 |
|
|
|c BK
|
| 951 |
|
|
|b 230700
|
| 959 |
|
|
|a 63/20110629
|d 1
|e 80,00
|f ЧЗГЛ:1
|